| 000 | 00392nam a2200169Ia 4500 | ||
|---|---|---|---|
| 008 | 221030s9999 xx 000 0 und d | ||
| 020 | _a0070494886 | ||
| 041 | _aEnglish | ||
| 082 | _a105.23 | ||
| 100 | _aD. Ravichandran | ||
| 245 | 0 |
_aProgramming With C ++ _cby D. Ravichandran |
|
| 250 | _a2nd | ||
| 260 |
_bTMH _aNew Delhi _c2009 |
||
| 300 | _a685 | ||
| 650 | _aComputers | ||
| 942 | _cBK | ||
| 999 |
_c8893 _d8893 |
||